• 首页
  • 本馆介绍
  • 公告通知
  • 最新文献
  • 馆藏检索
  • 电子资源
  • 读者导购
  • 参考咨询
  • 我的图书馆
  • 登录
  • 详细信息显示
  • 放入我的书架
  • 预约/预借图书
  • 作者相关作品
  • 分类相关作品
  • 丛书相关作品
  • 出版社相关作品

书目信息

  • 表格格式
  • 工作单格式
  • 卡片格式
题名:
发展培训学教程
    
 
作者: 王德海 , 周圣坤 主编
分册:  
出版信息: 北京   中国农业大学出版社  2004
页数: 306页
开本: 23cm
丛书名:
单 册:
中图分类: G720
科图分类:
主题词: 成人教育--教育理论--高等教育--教材 , 成人教育 , 高等教育
电子资源:
ISBN: 7-81066-486-7
000 00965nam0 2200277 450
001 1233165891
005 20121007091403.04
010    @a7-81066-486-7@dCNY23.00
100    @a20050221d2004 em y0chiy50 ea
101 0  @achi@aeng
102    @aCN@b110000
105    @ay z 000yy
200 1  @a发展培训学教程@Afa zhan pei xun xue jiao cheng@f王德海,周圣坤主编
210    @a北京@c中国农业大学出版社@d2004
215    @a306页@d23cm
300    @a高等院校区域农村发展专业系列教材
330    @a本书介绍了发展培训的概念、培训与发展的关系、培训的类型和过程,培训和学习的理论体系,培训需求评估概念和具体方法,培训设计和准备过程,培训方法和技术等。
510 1  @aTraining for Development@zeng
606 0  @a成人教育@x教育理论@x高等教育@j教材
606 0  @a成人教育
606 0  @a高等教育
690    @aG720@v4
701  0 @a王德海@Awang de hai@c(传播学)@4主编
701  0 @a周圣坤@Azhou sheng kun@4主编
801  0 @aCN@bNLC@c20101222
905    @a10447@dG720@eJY104
    
    发展培训学教程/王德海,周圣坤主编.-北京:中国农业大学出版社,2004
    306页;23cm
    高等院校区域农村发展专业系列教材
    
    ISBN 7-81066-486-7:CNY23.00
    本书介绍了发展培训的概念、培训与发展的关系、培训的类型和过程,培训和学习的理论体系,培训需求评估概念和具体方法,培训设计和准备过程,培训方法和技术等。
●
相关链接 在E读中查询图书 在五车中查询图书 在当当中查询图书 在豆瓣中查询图书


正题名:发展培训学教程     索取号:G720/JY104         预约/预借

序号 登录号 条形码 馆藏地/架位号 状态 备注
1 7828152   278281529   学院路分馆/ [索取号:G720/JY104] 在馆    
2 7828153   278281538   学院路分馆/ [索取号:G720/JY104] 在馆    
唐山师范学院图书馆 欢迎您!
大连网信软件有限公司© 版权所有